[Event "AUTO-MASTER-3298"]
[Site "http://www.queenalice.com/game.php?id=1870387"]
[Date "2026.3.12"]
[Round "1"]
[White "bmax"]
[Black "cerenzo72"]
[Result "1-0"]
[WhiteElo "2283"]
[BlackElo "2143"]

1. d4 Nf6 2. Nf3 g6 3. e3 Bg7 4. Bd3 O-O 5. b3 d6 6. Bb2 Nc6 7. O-O Re8 8. c4 e6
9. Nbd2 b6 10. Re1 Bb7 11. e4 a5 12. a3 Rc8 13. e5 dxe5 14. dxe5 Ng4 15. Be4 Ba8
16. h3 Nh6 17. Qc2 Na7 18. Bxa8 Rxa8 19. Ne4 Nf5 20. Nf6+ Bxf6 21. exf6 c5 22.
Rad1 Qc7 23. Ng5 Qf4 24. Bc1 Qc7 25. g4 Nd4 26. Rxd4 cxd4 27. Qd2 Nc6 28. Nxh7
1-0

[Event "AUTO-MASTER-3298"]
[Site "http://www.queenalice.com/game.php?id=1870388"]
[Date "2026.3.12"]
[Round "1"]
[White "cerenzo72"]
[Black "bmax"]
[Result "1/2-1/2"]
[WhiteElo "2173"]
[BlackElo "2274"]

1. c4 c6 2. e4 d5 3. exd5 cxd5 4. d4 Nf6 5. Nc3 Nc6 6. Nf3 Bg4 7. cxd5 Nxd5 8.
Qb3 Bxf3 9. gxf3 e6 10. Be3 Bb4 11. Bc4 O-O 12. Rg1 Nxe3 13. fxe3 Qh4+ 14. Kf1
Qh3+ 15. Kf2 Qxh2+ 16. Rg2 Qh4+ 17. Ke2 Bxc3 18. bxc3 g6 19. Rag1 Na5 20. Qb4
Nxc4 21. Qxc4 Rac8 22. Qd3 Rc6 23. c4 Rfc8 24. Rc1 Ra6 25. Qb3 Rb6 26. Qc3 Rbc6
27. Qb3 Qd8 28. Qxb7 Rxc4 29. Rxc4 Rxc4 30. Qxa7 Rc2+ 31. Kf1 Rc1+ 32. Ke2 Qc8
33. Qa5 Qc2+ 34. Qd2 Qxd2+ 35. Kxd2 Rc8 36. Kd3 h5 37. a4 Ra8 38. Ra2 h4 39. Ke2
g5 40. Kf2 Ra5 41. Kg2 Kh7 42. Kh3 Kg6 43. e4 f6 44. Kg4 f5+ 45. exf5+ exf5+ 46.
Kh3 Kh5 47. Ra3 g4+ 48. fxg4+ fxg4+ 49. Kg2 Rd5 50. a5 Rd8 51. a6 Ra8 52. d5 Kg6
53. Ra4 Kf5 54. d6 Ke6 55. Rd4 h3+ 56. Kg3 Kd7 57. Rxg4 Rxa6 58. Kxh3 1/2-1/2

[Event "AUTO-MASTER-3298"]
[Site "http://www.queenalice.com/game.php?id=1870389"]
[Date "2026.3.12"]
[Round "1"]
[White "bmax"]
[Black "Pin"]
[Result "1-0"]
[WhiteElo "2271"]
[BlackElo "2089"]

1. d4 Nf6 2. Nf3 g6 3. e3 Bg7 4. Bd3 d5 5. b3 O-O 6. Bb2 Nbd7 7. O-O c5 8. c4
cxd4 9. Bxd4 b6 10. Nbd2 Bb7 11. Re1 Re8 12. Ne5 Nxe5 13. Bxe5 dxc4 14. Bxc4 a6
15. Rc1 b5 16. Be2 Rc8 17. Rxc8 Bxc8 18. Qc2 Bf5 19. Qb2 Qb6 20. Bf3 Rc8 21. e4
Be6 22. Bd4 Qb8 23. e5 Nd5 24. Qa3 b4 25. Qxa6 Nc3 26. h4 Bd5 27. Bxd5 Nxd5 28.
Nc4 Rd8 29. g3 Bf8 30. e6 f6 31. Ne3 Nxe3 32. Bxe3 Qd6 33. Qxd6 Rxd6 34. Bc5 Rd2
35. Bxb4 Rxa2 36. Bc5 Rb2 37. b4 Rb3 38. Rd1 Kg7 39. Rd7 1-0

[Event "AUTO-MASTER-3298"]
[Site "http://www.queenalice.com/game.php?id=1870390"]
[Date "2026.3.12"]
[Round "1"]
[White "Pin"]
[Black "bmax"]
[Result "0-1"]
[WhiteElo "2034"]
[BlackElo "2278"]

1. d4 d5 2. Nf3 c6 3. e3 Bg4 4. c4 e6 5. Nc3 Nd7 6. Be2 Ngf6 7. O-O Bd6 8. c5
Bc7 9. b4 O-O 10. a4 Ne4 11. Bb2 f5 12. Nd2 Qh4 13. g3 Nxg3 14. fxg3 Bxg3 15.
hxg3 Qxg3+ 16. Kh1 Rf6 0-1